| 000 | 00463cam a22001697 4500 | ||
|---|---|---|---|
| 001 | ltf91004523 | ||
| 003 | DLC | ||
| 005 | 20260227111551.0 | ||
| 008 | 910125s1929 gw 000 0 ger | ||
| 010 | _altf91004523 | ||
| 040 |
_aDLC _cDLC _dDLC |
||
| 050 | 0 | 0 | _a4HD 2061 |
| 100 | 1 |
_aKummer, Kurt, _d1894- |
|
| 245 | 1 | 4 | _aDie Entwicklung der landwirtschaftlichen Siedlung in der Provinz Grenzmark Posen-Westpreussen. |
| 260 |
_aBerlin _c1929. |
||
| 300 | _a122 p. | ||
| 999 |
_c37444 _d37444 |
||